00541nam a22001457a 4500999001900000003000400019082002400023245011000047260006000157300001000217546001200227650002000239942001300259952012300272 c191521d191521OSt aKERALA/AGRI/1977-81 aTerminal Report of The Pilot Project for Soil and Water Management in the Chalakudy Command Area 1977-81 aKeralabDepartment of Agriculture , Kerala State c1981 a149p. aEnglish aTerminal Report 2ddccREP 00102ddc4071aKAUCLVbKAUCLVcREFd2019-08-14l0oKERALA/AGRI/1977-81p800926r2019-08-14 00:00:00w2019-08-14yREP